000 00548nam a2200193Ia 4500
005 20250923144721.0
008 008 250917s9999 xx 000 0 eng d
037 _aTextual
040 _aDSWL
_beng
_cDSWL
041 _aeng
_2eng
084 _qDSWL
100 _aCaudill, William
_9827688
245 0 _aPsychiatric Hospital on a small society
_cby William Caudill
260 _aNew York
_bCommonwealth Fund, Harvard University Press
_c1958
300 _a406p.
365 _aINR
942 _cTEXL
999 _c1442439
_d1442439